Kolor wkładu długopisu. - Statystyki

Ogólne statystyki
  • Ten quiz został rozwiązany 14 razy
  • Średni wynik to 7 z 8
Statystyki odpowiedzi
Hint Odpowiedź % Poprawnych
1. Czarny
100%
4. Czerwony
100%
6. Fioletowy
100%
2. Niebieski
100%
3. Zielony
100%
5. Żółty
100%
8. Różowy
77%
7. Pomarańczowy
69%
Nie znaleziono quizów pasujących do podanych kryteriów
Rozkład punktacji
Procent ludzi z każdym wynikiem
Percentyl według liczby udzielonych odpowiedzi
Twoja historia wyników
Nie rozwiązałeś tego quizu